|
|
|
|
| LEADER |
00862cam a2200241 a 4500 |
| 001 |
0000076087 |
| 005 |
20110322090000.0 |
| 040 |
|
|
|a mod
|
| 041 |
|
|
|a eng
|
| 020 |
0 |
0 |
|a 0781810191
|
| 090 |
0 |
0 |
|a 951.90424
|b ALE
|e 2004
|
| 100 |
1 |
0 |
|a Alexander
|h Bevin
|
| 245 |
1 |
0 |
|a Korea
|b the first war we lost
|c Bevin Alexander
|
| 250 |
0 |
0 |
|a Hippocrene updated illustrated ed.
|
| 260 |
0 |
0 |
|a New York
|b Hippocrene Books
|c 2004
|
| 300 |
0 |
0 |
|a xv, 566 p.
|b ill., maps
|c 23 cm
|
| 500 |
0 |
0 |
|a Includes bibliographical references and index
|
| 650 |
0 |
0 |
|a Korean War
|y 1950 - 1953
|
| 650 |
0 |
0 |
|a United States
|x Armed Forces
|z Korea
|x History
|
| 650 |
0 |
0 |
|a Korean War, 1950-1953
|z United States
|
| 852 |
0 |
0 |
|a 01
|
| 999 |
|
|
|a 0239473
|b KEMENTAH
|d BOOKS
|e Umum
|f Perpustakaan KEMENTAH
|j AVAILABLE
|q GOOD CONDITION
|
| 999 |
|
|
|a 0254053
|b Markas Garison Gemas
|d BOOKS
|e Umum
|f Markas Garison Gemas
|j AVAILABLE
|q GOOD CONDITION
|